000 00505nam a22001937a 4500
003 OSt
005 20160922135224.0
008 160922b xxu||||| |||| 00| 0 eng d
020 _a0333618327
040 _cDDC.
082 _aWL 102.2P58 1994.
100 _aPicton,Phil;
_911102
245 _aIntroduction to Neural Network;
260 _aLondon;
_bMacmillan Press Ltd.
_c1994.
300 _aviii,168p;
_bill;
_c23cm,
504 _aincludes references.
650 _aMedicine.
_9324
942 _2z
_cO_SHELF
999 _c5274
_d5274